000 00697nam a2200241Ia 4500
003 OSt
005 20220926013216.0
006 a|||||r|||| 00| 0
007 ta
008 220923b |||||||| |||| 00| 0 eng d
020 _a0745005233
037 _cGeneral Book
040 _aRTL
_cRTL
_beng
041 _2eng
_aeng
082 _aRxN29:g(T), M9
100 _aYoung Robert E
_9317986
245 0 _aCritical theory of education
_b Habermas and our ch
260 _aNew York
_bHarvest Wheatsheaf U. S. A.
_c1989
300 _ax, 174p
_ccm.
650 _aPhilosophy-Habermas
_9231522
942 _hRxN29:g(T), M9
_cGB
_2CC
999 _c625483
_d625483